Three Real One Fake - Country Flag Colors - Statistics

General Stats
  • This quiz has been taken 32 times
  • The average score is 9 of 15
Answer Stats
Question Answer % Correct
South Africa Orange
92%
Myanmar Black
79%
South Korea Gray
79%
Jamaica White
75%
Mexico Purple
63%
Croatia Green
58%
Ecuador Pink
58%
San Marino Red
54%
Malawi White
54%
Belize Orange
50%
Bhutan Red
50%
Uzbekistan Yellow
46%
Djibouti Yellow
42%
Nicaragua Gray
38%
Spain Purple
38%
No matching quizzes found
Score Distribution
Percent of People with Each Score
Percentile by Number Answered
Your Score History
You have not taken this quiz